Public personnel management : (Record no. 5152)
[ view plain ]
| 000 -LEADER | |
|---|---|
| fixed length control field | 00866pam a2200277 i 4500 |
| 001 - CONTROL NUMBER | |
| control field | 5152 |
| 003 - CONTROL NUMBER IDENTIFIER | |
| rucl marc code | BD-RjUL |
| 005 - DATE AND TIME OF LATEST TRANSACTION | |
| control field | 20211208234023.0 |
| 008 - FIXED-LENGTH DATA ELEMENTS--GENERAL INFORMATION | |
| fixed length control field | 131224s1980 njua b 001 0 eng d |
| 020 ## - INTERNATIONAL STANDARD BOOK NUMBER | |
| International Standard Book Number | 0137379811 : |
| 035 ## - SYSTEM CONTROL NUMBER | |
| System control number | (BD-RjUL)5188 |
| 040 ## - CATALOGING SOURCE | |
| Original cataloging agency | DLC |
| Transcribing agency | DLC |
| Modifying agency | DLC |
| -- | DLC |
| Language of cataloging | eng |
| 041 ## - LANGUAGE CODE | |
| Language code of text/sound track or separate title | eng |
| 082 00 - DEWEY DECIMAL CLASSIFICATION NUMBER | |
| Classification number | 350.1 |
| Author mark and year | KLP 1980 |
| 100 1# - MAIN ENTRY--PERSONAL NAME | |
| Personal name | Klingner, Donald E. |
| 9 (RLIN) | 16233 |
| 245 10 - TITLE STATEMENT | |
| Title | Public personnel management : |
| Remainder of title | contexts and strategies / |
| Statement of responsibility, etc. | by Donald E. Klingner. |
| 260 ## - PUBLICATION, DISTRIBUTION, ETC. (IMPRINT) | |
| Place of publication, distribution, etc. | Englewood Cliffs, N.J. : |
| Name of publisher, distributor, etc. | Prentice-Hall, |
| Date of publication, distribution, etc. | c1980. |
| 300 ## - PHYSICAL DESCRIPTION | |
| Pagination | xii, 480 p. : |
| Illustrations | ill. ; |
| Size | 24 cm. |
| 504 ## - BIBLIOGRAPHY, ETC. NOTE | |
| Bibliography, etc | Includes bibliographical references and index. |
| 650 #0 - SUBJECT ADDED ENTRY--TOPICAL TERM | |
| Topical term or geographic name as entry element | Civil service |
| General subdivision | Personnel management. |
| 9 (RLIN) | 16234 |
| Topical term or geographic name as entry element | Personnel management. |
| 9 (RLIN) | 16235 |
| Topical term or geographic name as entry element | Public administration. |
| 9 (RLIN) | 5890 |
| 942 ## - ADDED ENTRY ELEMENTS (KOHA) | |
| Source of classification or shelving scheme | Dewey Decimal Classification |
| Koha item type | Books |
| Lost status | Source of classification or shelving scheme | Damaged status | Not for loan | Collection code | Permanent Location | Current Location | Shelving location | Date acquired | Source of acquisition | Cost, normal purchase price | Total Checkouts | Full call number | Date last seen | Copy number | Koha item type |
|---|---|---|---|---|---|---|---|---|---|---|---|---|---|---|---|
| Dewey Decimal Classification | Non-fiction | Central Library, University of Rajshahi | Central Library, University of Rajshahi | 14/10/194 | Tappam and Yulip. | 28.95 | 350.1 KLP 1980 | 24/12/2013 | C-3 | Books | |||||
| Dewey Decimal Classification | Not For Loan | Non-fiction | Central Library, University of Rajshahi | Central Library, University of Rajshahi | Reading Room | 18/09/1984 | Topper-Tulip | 28.95 | 350.1 KLP 1980 | 27/12/2016 | C-1 | Books |